书目信息 |
| 题名: |
碧潭秋月映寒山
|
|
| 作者: | 钱学烈 著 | |
| 分册: | ||
| 出版信息: | 北京 中央编译出版社 2009 |
|
| 页数: | 267页 | |
| 开本: | 24cm | |
| 丛书名: | ||
| 单 册: | ||
| 中图分类: | K825.6=424 , I207.227.424 | |
| 科图分类: | ||
| 主题词: | 诗人--人物研究--中国--唐代 , 唐诗--文学研究 , 诗人 , 唐诗 , 文学研究 | |
| 电子资源: | ||
| ISBN: | 978-7-5117-0016-2 | |
| 000 | 01109nam0 2200313 45 | |
| 001 | 1029982929 | |
| 005 | 20100429091325.89 | |
| 010 | @a978-7-5117-0016-2@dCNY37.00 | |
| 100 | @a20100420d2009 em y0chiy50 ea | |
| 101 | 0 | @achi |
| 102 | @aCN@b110000 | |
| 105 | @aa z 000yd | |
| 106 | @ar | |
| 200 | 1 | @a碧潭秋月映寒山@ABi Tan Qiu Yue Ying Han Shan@e寒山诗解读@EHan Shan Shi Jie Du@f钱学烈著@FQian Xue Lie Zhu |
| 210 | @a北京@c中央编译出版社@d2009 | |
| 215 | @a267页@c图,照片@d24cm | |
| 330 | @a本书根据史料和寒山的自叙诗及对诗人隐居地的考察,揭开了诗人千百年来的神秘面纱,还原了寒山的本来面貌,并从文学史、诗歌史、汉语史、宗教史和文化交流等多角度、多层面、分析、解读了寒山诗融儒道佛禅于一炉的内涵和特色。 | |
| 517 | 1 | @a寒山诗解读@AHan Shan Shi Jie Du |
| 606 | 0 | @a诗人@x人物研究@y中国@z唐代 |
| 606 | 0 | @a唐诗@x文学研究 |
| 606 | 0 | @a诗人 |
| 606 | 0 | @a唐诗 |
| 606 | 0 | @a文学研究 |
| 610 | 0 | @a寒山(726~830) |
| 690 | @aK825.6=424@v4 | |
| 690 | @aI207.227.424@v4 | |
| 701 | 0 | @a钱学烈@AQian Xue Lie@4著 |
| 801 | 0 | @aCN@bTANGWEI@c20100429 |
| 905 | @b0595271-75@dK825.6=424@e686@f5 | |
| 碧潭秋月映寒山:寒山诗解读/钱学烈著.-北京:中央编译出版社,2009 |
| 267页:图,照片;24cm |
| ISBN 978-7-5117-0016-2:CNY37.00 |
| 本书根据史料和寒山的自叙诗及对诗人隐居地的考察,揭开了诗人千百年来的神秘面纱,还原了寒山的本来面貌,并从文学史、诗歌史、汉语史、宗教史和文化交流等多角度、多层面、分析、解读了寒山诗融儒道佛禅于一炉的内涵和特色。 |
| ● |
| 相关链接 |
|
|
|
|
正题名:碧潭秋月映寒山
索取号:K825.6=424/686
 
预约/预借
| 序号 | 登录号 | 条形码 | 馆藏地/架位号 | 状态 | 备注 |
| 1 | 0595271 | 205952717 | 第二样本阅览室/ [索取号:K825.6=424/686] | 在馆 | |
| 2 | 0595272 | 205952726 | 第二借阅区/ [索取号:K825.6=424/686] | 在馆 | |
| 3 | 0595273 | 205952735 | 第二借阅区/ [索取号:K825.6=424/686] | 在馆 | |
| 4 | 0595274 | 205952744 | 第二借阅区/ [索取号:K825.6=424/686] | 在馆 | |
| 5 | 0595275 | 205952753 | 第二借阅区/ [索取号:K825.6=424/686] | 在馆 |